000 00466nam a2200169Ia 4500
008 220216s9999 xx 000 0 und d
100 _aThomas K K
245 2 _aA bibliography of Indian bibliographies on natural rubber
260 _bRubber Board Bulletin
_c2006
300 _a29-32
650 _aBibliographic ocntrol
650 _aBibliographies
650 _aInformation dissemination
650 _aNatural rubber research
650 _aRRII
942 _cBS
999 _c51181
_d51181